Abkürzungen in MfG (Fantastischen Vier) - Statistiken

Allgemein
  • Dieses Quiz wurde 3.616 mal gespielt
  • Das Durchschnittsergebnis liegt bei 29 aus 84
Antwortstatistiken
Abkürzung Bedeutung
% Korrekt
USA United States of America
94%
BRD Bundesrepublik Deutschland
92%
PLZ Postleitzahl
88%
MfG Mit freundlichen Grüßen
87%
DDR Deutsche Demokratische Republik
86%
WWW World Wide Web
84%
HNO Hals Nasen Ohren
82%
ZDF Zweites Deutsches Fernsehen
82%
DFB Deutscher Fußballbund
80%
USW Und so weiter
74%
AKW Atomkraftwerk
73%
GMBH Gesellschaft mit beschränkter Haftung
73%
HSV Hamburger Sportverein
70%
BMW Bayerische Motorenwerke
69%
BWL Betriebswirtschaftslehre
68%
DRK Deutsches Rotes Kreuz
68%
FKK Freikörperkultur
67%
ICE Intercity Express
67%
KMH Kilometer pro Stunde
64%
FDP Freie Demokratische Partei
63%
FAZ Frankfurter Allgemeine Zeitung
61%
BKA Bundeskriminalamt
60%
THW Technisches Hilfswerk
60%
BPM Beats per minute
59%
ABS Anti-Blockier-System
57%
KKK Ku Klux Klan
52%
RAF Rote Armee Fraktion
52%
DPD Deutscher Paketdienst
48%
KDW Kaufhaus des Westens
45%
DLRG Deutsche Lebens-Rettungs-Gesellschaft
44%
ADAC Allgemeiner Deutscher Automobil Club
38%
IHK Industrie- und Handelskammer
38%
RTL Radio Television Luxemburg
38%
LMAA Leck mich am Arsch
37%
UKW Ultrakurzwelle
36%
EDV Elektronische Datenverarbeitung
35%
FSK Freiwillige Selbstkontrolle
35%
VFB Verein für Bewegungsspiele
33%
EKG Elektrokardiogramm
32%
BTM Betäubungsmittel
31%
SOS Save our souls
31%
FDJ Freie Deutsche Jugend
29%
DPA Deutsche Presseagentur
27%
NDW Neue Deutsche Welle
27%
SED Sozialistische Einheitspartei Deutschlands
25%
UPS United Parcel Service
25%
GBR Gesellschaft bürgerlichen Rechts
24%
H&M Hennes & Mauritz
23%
TÜV Technischer Überwachungsverein
23%
NTV Nachrichten Television
22%
FCKW Fluor-Chlor-Kohlenwasserstoff
21%
PVC Polyvinyl-Chlorid
21%
UVA Ultraviolettstrahlung A
18%
UVB Ultraviolettstrahlung B
18%
FDH Friss die Hälfte
15%
THC Tetrahydrocannabinol
15%
VHS Video Home System
15%
AOK Allgemeine Ortskrankenkasse
14%
EKZ Einkaufszentrum
14%
LBS Landesbausparkasse
13%
HIV Humanes Immundefizienz-Virus
12%
XTC Ecstasy
11%
IRA Irisch Republikanische Armee
10%
BSE Bovine Spongiforme Encephalopathie
9%
TNT Trinitrotoluol
9%
ARD Arbeitsgemeinschaft der öffentlich-rechtlichen Rundfunkanstalten der Bundesrepublik Deutschland
8%
DVU Deutsche Volksunion
7%
BMX Bicycle MotoCross
5%
C&A Clemens und August (Brenninkmeijer)
5%
IBM International Business Machines
4%
LSD Lysergsäurediethylamid
4%
BSB Backstreet Boys
3%
AEG Allgemeine Elektricitäts-Gesellschaft
2%
DAF Deutsch Amerikanische Freundschaft
2%
BMG Bertelsmann Music Group
1%
CBS Columbia Broadcasting System
1%
EMI Electric and Musical Industries
1%
LTU Lufttransportunternehmen
1%
OMD Orchestral Manoeuvres in the Dark
1%
RHP Rödelheim Hartreim Projekt
1%
TM3 Tele München 3
1%
TUI Touristik Union International
1%
WKD Wirtschaftskontrolldienst
1%
OCB Odet Cascadec Bolloré
0%
Keine übereinstimmenden Quizze gefunden
Verteilung der Resultate
Anzahl Personen mit jedem Resultat
Perzentil nach korrekt beantworteten Fragen
Ihre Resultats-Entwicklung
Sie haben dieses Quiz noch nicht gespielt